000 00751nam a2200229Ia 4500
005 20250508170045.0
008 008 250505s9999 xx 000 0 hin d
020 _a978-81-266-2786-8
037 _aReference
040 _aFEDL
_beng
_cFEDL
041 _ahin
_2eng
084 _a372.19, SCE/RR
_qFEDL
100 _aAgnihotri R K
245 0 _aIndradhanush : Elementary textbook series: From creation to reception
245 0 _cS C E R T (Delhi India)
260 _aDelhi, India
_bState Council of Educational Research and Training
_c2008
300 _axxvii,302p.
546 _aGifted by H O D Namita Ranganathan
700 _a Rajan Janaki Khanna A L
_9782846
942 _cREF
_h372.19, SCE/RR
999 _c1398981
_d1398981